English for UGC-NET/JRF/SLET,(paper II and III)and other competitive examinations :) / (Record no. 102311)

MARC details
000 -LEADER
fixed length control field 00659nam a22001937a 4500
005 - DATE AND TIME OF LATEST TRANSACTION
control field 20181201142420.0
010 ## - LCCN (DPL NO)
LC control number ENG-117387
020 ## - INTERNATIONAL STANDARD BOOK NUMBER
Terms of availability 495.00
035 ## - SYSTEM CONTROL NUMBER
System control number EN-100919
037 ## - SOURCE OF ACQUISITION
Source of stock number/acquisition DBAD/PUB
082 ## - DEWEY DECIMAL CLASSIFICATION NUMBER
Classification number 880
100 ## - MAIN ENTRY--PERSONAL NAME
Personal name Malik,R.S.
245 ## - TITLE STATEMENT
Title English for UGC-NET/JRF/SLET,(paper II and III)and other competitive examinations :) /
Statement of responsibility, etc by ,R.S. Malik
Remainder of title objective type questions with solution /
260 ## - PUBLICATION, DISTRIBUTION, ETC. (IMPRINT)
Place of publication, distribution, etc New Delhi
Name of publisher, distributor, etc Atlantic Publishers and Distrubutors
Date of publication, distribution, etc 2017
270 ## - ADDRESS
Address 7/22,Ansari Road,Daryaganj
City New Delhi
Postal code 110002
300 ## - PHYSICAL DESCRIPTION
Extent 600p.
Other physical details 24cm.(pbk)
500 ## - GENERAL NOTE
General note ISBN Number same-B-648680
942 ## - ADDED ENTRY ELEMENTS (KOHA)
Source of classification or shelving scheme Dewey Decimal Classification
Item type English Books
Call number suffix MAL
Classification part 880
Holdings
Withdrawn status Lost status Not for loan Collection code Home library Current library Date acquired Source of acquisition Cost, normal purchase price Full call number Barcode Copy number Cost, replacement price Koha item type
    Not For Loan Non-fiction D.B.Act.Division Bawana 02/03/2017 DBAD/PUB 495.00 880MAL EN-100919 1 495.00 English Books

© Delhi Public Library
Hit Counter
free hit counter